[Event "U-20 Pan-American Chess Championship Absolute 2022"]
[Site "(Pereira - Risaralda) Gran Hotel. Calle 19 # 9-19"]
[Date "2022.08.23"]
[Round "2"]
[Board "11"]
[White "Garzon Zapatanga, Christopher Leonel"]
[Black "Loaiza Cuervo, Santiago"]
[Result "1/2-1/2"]
[WhiteElo "1911"]
[BlackElo "2082"]
[PlyCount "131"]
[EventDate "2022.08.23"]
[EventRounds "9"]
[EventCountry "COL"]

1. e4 c5 2. Nf3 d6 3. d4 cxd4 4. Nxd4 Nf6 5. Nc3 a6 6. Be2 Nbd7 7. O-O g6 8.
Be3 Bg7 9. Nb3 O-O 10. f4 b5 11. Bf3 Bb7 12. a3 Rc8 13. Qd2 Qc7 14. Rae1 Nb6
15. Na5 Ba8 16. Bd4 e5 17. Be3 Rfe8 18. Kh1 Rcd8 19. Qf2 Nbd7 20. Nb3 d5 21.
fxe5 dxe4 22. Bxe4 Nxe4 23. Nxe4 Bxe4 24. Bg5 Bd5 25. Bxd8 Qxd8 26. Rd1 Qa8 27.
e6 Ne5 28. exf7+ Bxf7 29. Nc5 Rf8 30. Qg3 Qc6 31. b4 a5 32. Rfe1 axb4 33. axb4
Qf6 34. Ne4 Qf5 35. Nd6 Qxc2 36. Nxb5 Bc4 37. Nd4 Qa4 38. Ra1 Qd7 39. Rad1 Nd3
40. Nf3 Qa4 41. Rf1 Ne5 42. Rfe1 Nd3 43. Rf1 Nb2 44. Ra1 Qxb4 45. Rg1 Nd3 46.
Rab1 Qc5 47. Rgf1 Nf4 48. Rfe1 Nd3 49. Rf1 Qe3 50. Rb7 Qe2 51. Rbb1 Bd4 52. h3
Be5 53. Qg4 Bd6 54. Qxc4+ Kh8 55. Qd4+ Be5 56. Qg4 Bd6 57. Qd4+ Be5 58. Qg4 Bf4
59. Nd4 Nf2+ 60. Rxf2 Qxf2 61. Ne6 Rb8 62. Rd1 Be5 63. Ng5 Rf8 64. Nf3 Bf4 65.
Qxg6 hxg6 66. Nh4   1/2-1/2

[Event "U-20 Pan-American Chess Championship Absolute 2022"]
[Site "(Pereira - Risaralda) Gran Hotel. Calle 19 # 9-19"]
[Date "2022.08.23"]
[Round "2"]
[Board "12"]
[White "Mora Munoz, Alejandro"]
[Black "Mayta Aiza, Vicmar"]
[Result "1-0"]
[WhiteElo "1973"]
[BlackElo "1627"]
[PlyCount "97"]
[EventDate "2022.08.23"]
[EventRounds "9"]
[EventCountry "COL"]

1. e4 c5 2. Nf3 d6 3. d4 cxd4 4. Nxd4 Nf6 5. Nc3 Nc6 6. Bg5 Qb6 7. Nb3 e6 8.
Qd2 Bd7 9. Be3 Qd8 10. f3 Be7 11. O-O-O O-O 12. g4 Ne5 13. Be2 b5 14. g5 Ne8
15. Rdg1 Nc7 16. f4 Nc4 17. Bxc4 bxc4 18. Nd4 d5 19. exd5 Nxd5 20. Nxd5 exd5
21. f5 Qb8 22. g6 fxg6 23. fxg6 h6 24. Rf1 Qd6 25. Qg2 c3 26. bxc3 Qa3+ 27. Kd2
Qxa2 28. Rf7 Rxf7 29. gxf7+ Kxf7 30. Rf1+ Bf6 31. Bxh6 gxh6 32. Qf3 Qa6 33.
Qxd5+ Be6 34. Rxf6+ Kxf6 35. Qf3+ Kg6 36. Qxa8 Qd6 37. Qe4+ Kf6 38. h4 h5 39.
Qf3+ Kg6 40. Qg2+ Kf6 41. Qg5+ Kf7 42. Qxh5+ Kf6 43. Qh6+ Kf7 44. Qxe6+ Qxe6
45. Nxe6 Kxe6 46. Kd3 Kf5 47. c4 Kg4 48. h5 Kxh5 49. c5   1-0

[Event "U-20 Pan-American Chess Championship Absolute 2022"]
[Site "(Pereira - Risaralda) Gran Hotel. Calle 19 # 9-19"]
[Date "2022.08.23"]
[Round "2"]
[Board "14"]
[White "Bosquez Leguisamo, Joel Alexander"]
[Black "Tobar B, Jorge Esteban"]
[Result "1/2-1/2"]
[WhiteElo "1296"]
[BlackElo "1929"]
[PlyCount "122"]
[EventDate "2022.08.23"]
[EventRounds "9"]
[EventCountry "COL"]

1. d4 e6 2. c4 f5 3. Nc3 Nf6 4. Bg5 Be7 5. Nf3 O-O 6. e3 b6 7. Be2 Bb7 8. O-O
d6 9. Qb3 Ne4 10. Bxe7 Qxe7 11. Rfd1 Nd7 12. Rac1 Rf6 13. d5 Nxc3 14. Qxc3 e5
15. b4 f4 16. Ng5 Rg6 17. Ne4 Rf8 18. c5 Nf6 19. Bf3 fxe3 20. Qxe3 dxc5 21.
bxc5 Nxd5 22. Qb3 c6 23. Nc3 Kh8 24. Nxd5 cxd5 25. Bxd5 Bc8 26. c6 Rgf6 27. f3
Qc7 28. Re1 Rd8 29. Rcd1 Bf5 30. Qc3 Re8 31. Rd2 b5 32. Rde2 Qb6+ 33. Kh1 e4
34. Bxe4 Rfe6 35. Bd3 b4 36. Rxe6 Rxe6 37. Rxe6 Bxe6 38. Qc2 Qc7 39. Be4 a5 40.
Qc5 Kg8 41. Bd5 Kf7 42. Bxe6+ Kxe6 43. Kg1 a4 44. g3 b3 45. axb3 axb3 46. Qc4+
Kf6 47. Qc3+ Kg6 48. Qxb3 Qxc6 49. Qd3+ Kf6 50. Qd4+ Kf7 51. Qf4+ Kg8 52. Kg2
Qc2+ 53. Kh3 Qb3 54. Qe4 h6 55. Kg4 Qa2 56. h4 Qf7 57. Qa8+ Kh7 58. Qe4+ Kg8
59. h5 Qd7+ 60. Qf5 Qa4+ 61. Kh3 Qc4   1/2-1/2

[Event "U-20 Pan-American Chess Championship Absolute 2022"]
[Site "(Pereira - Risaralda) Gran Hotel. Calle 19 # 9-19"]
[Date "2022.08.23"]
[Round "2"]
[Board "15"]
[White "Bermudez Rojas, Alejandro"]
[Black "Cardenas Encalada, David Josue"]
[Result "0-1"]
[WhiteElo "1138"]
[BlackElo "1669"]
[PlyCount "56"]
[EventDate "2022.08.23"]
[EventRounds "9"]
[EventCountry "COL"]

1. e4 c5 2. Nf3 Nc6 3. d4 cxd4 4. Nxd4 g6 5. Nc3 Bg7 6. Be3 Nf6 7. Bc4 O-O 8.
Bb3 Re8 9. O-O d6 10. h3 a6 11. f4 e6 12. a3 Bd7 13. Qf3 Qc7 14. Rad1 Rad8 15.
Rfe1 b5 16. Nxc6 Bxc6 17. Bf2 Qb7 18. Qd3 Rd7 19. Re2 a5 20. a4 b4 21. Nb5 Nxe4
22. Be3 Ra8 23. Rde1 Nc5 24. Bxc5 dxc5 25. Qc4 Bxb5 26. axb5 Bxb2 27. Qxc5 Bd4+
28. Qxd4 Rxd4   0-1

[Event "U-20 Pan-American Chess Championship Absolute 2022"]
[Site "(Pereira - Risaralda) Gran Hotel. Calle 19 # 9-19"]
[Date "2022.08.24"]
[Round "3"]
[Board "1"]
[White "Flores Quillas, Diego Saul Rodri"]
[Black "Vasquez Vargas, Henry Richard"]
[Result "1-0"]
[WhiteElo "2200"]
[BlackElo "2130"]
[PlyCount "0"]
[EventDate "2022.08.23"]
[EventRounds "9"]
[EventCountry "COL"]

1. e4 {[%clk 01:16:01]} {[%emt 00:14:57]} c5 {[%clk 01:30:52]} {[%emt
00:00:09]} 2. Nf3 {[%clk 01:16:26]} {[%emt 00:00:04]} d6 {[%clk 01:31:14]}
{[%emt 00:00:08]} 3. d4 {[%clk 01:16:52]} {[%emt 00:00:04]} cxd4 {[%clk
01:31:19]} {[%emt 00:00:26]} 4. Nxd4 {[%clk 01:17:17]} {[%emt 00:00:05]} Nf6
{[%clk 01:31:46]} {[%emt 00:00:02]} 5. Nc3 {[%clk 01:17:41]} {[%emt 00:00:07]}
a6 {[%clk 01:32:11]} {[%emt 00:00:05]} 6. h3 {[%clk 01:18:08]} {[%emt
00:00:03]} h6 {[%clk 01:27:49]} {[%emt 00:04:53]} 7. g4 {[%clk 01:18:03]}
{[%emt 00:00:33]} g5 {[%clk 01:26:59]} {[%emt 00:01:21]} 8. Bg2 {[%clk
01:18:15]} {[%emt 00:00:18]} e6 {[%clk 01:25:17]} {[%emt 00:02:13]} 9. Be3
{[%clk 01:18:40]} {[%emt 00:00:04]} Nbd7 {[%clk 01:24:31]} {[%emt 00:01:16]} 10.
Qe2 {[%clk 01:19:05]} {[%emt 00:00:05]} Ne5 {[%clk 01:22:53]} {[%emt 00:02:09]}
11. O-O-O {[%clk 01:19:27]} {[%emt 00:00:07]} Nfd7 {[%clk 01:20:12]} {[%emt
00:03:10]} 12. h4 {[%clk 01:19:51]} {[%emt 00:00:07]} Rg8 {[%clk 01:19:46]}
{[%emt 00:00:56]} 13. hxg5 {[%clk 01:20:15]} {[%emt 00:00:06]} hxg5 {[%clk
01:19:14]} {[%emt 00:01:02]} 14. f4 {[%clk 01:18:47]} {[%emt 00:01:57]} gxf4
{[%clk 01:18:43]} {[%emt 00:01:02]} 15. Bxf4 {[%clk 01:19:16]} {[%emt
00:00:02]} Be7 {[%clk 01:17:55]} {[%emt 00:01:17]} 16. Kb1 {[%clk 01:16:50]}
{[%emt 00:02:55]} b5 {[%clk 01:17:05]} {[%emt 00:01:21]} 17. Nf3 {[%clk
00:57:45]} {[%emt 00:19:35]} Qc7 {[%clk 01:15:39]} {[%emt 00:01:56]} 18. g5
{[%clk 00:58:02]} {[%emt 00:00:13]} b4 {[%clk 01:14:41]} {[%emt 00:01:29]} 19.
Na4 {[%clk 00:58:21]} {[%emt 00:00:10]} Bb7 {[%clk 01:13:37]} {[%emt 00:01:34]}
20. b3 {[%clk 00:58:19]} {[%emt 00:00:32]} Ng6 {[%clk 01:03:59]} {[%emt
00:10:08]} 21. Bg3 {[%clk 00:55:20]} {[%emt 00:03:30]} Nde5 {[%clk 01:03:38]}
{[%emt 00:00:50]} 22. Rh7 {[%clk 00:52:43]} {[%emt 00:03:06]} Bc6 {[%clk
00:57:30]} {[%emt 00:06:40]} 23. Nb2 {[%clk 00:52:58]} {[%emt 00:00:14]} Bb5
{[%clk 00:57:50]} {[%emt 00:00:10]} 24. Qf2 {[%clk 00:44:37]} {[%emt 00:08:51]}
Rf8 {[%clk 00:53:34]} {[%emt 00:04:46]} 25. Nd4 {[%clk 00:42:24]} {[%emt
00:02:42]} Bd7 {[%clk 00:37:24]} {[%emt 00:16:41]} 26. Nf5 {[%clk 00:34:51]}
{[%emt 00:08:02]} exf5 {[%clk 00:23:04]} {[%emt 00:14:51]} 27. exf5 {[%clk
00:34:46]} {[%emt 00:00:35]} Ng4 {[%clk 00:19:58]} {[%emt 00:03:37]} 28. Qe2
{[%clk 00:32:52]} {[%emt 00:02:23]} Bxf5 {[%clk 00:17:38]} {[%emt 00:02:49]} 29.
Bxa8 {[%clk 00:32:35]} {[%emt 00:00:47]} N6e5 {[%clk 00:15:57]} {[%emt
00:02:12]} 30. Rhh1 {[%clk 00:32:17]} {[%emt 00:00:48]} Bxg5 {[%clk 00:15:01]}
{[%emt 00:01:26]} 31. Be4 {[%clk 00:32:31]} {[%emt 00:00:16]} Be6 {[%clk
00:11:53]} {[%emt 00:03:39]} 32. Nd3 {[%clk 00:26:37]} {[%emt 00:06:23]} f5
{[%clk 00:08:42]} {[%emt 00:03:42]} 33. Nxe5 {[%clk 00:26:39]} {[%emt
00:00:27]} dxe5 {[%clk 00:08:21]} {[%emt 00:00:51]} 34. Qxa6 {[%clk 00:19:36]}
{[%emt 00:07:33]} Ke7 {[%clk 00:07:36]} {[%emt 00:01:15]} 35. Bd5 {[%clk
00:19:19]} {[%emt 00:00:47]} Bxd5 {[%clk 00:05:21]} {[%emt 00:02:45]} 36. Rxd5
{[%clk 00:19:39]} {[%emt 00:00:10]} Bf6 {[%clk 00:04:12]} {[%emt 00:01:39]} 37.
Rhd1 {[%clk 00:19:39]} {[%emt 00:00:30]} Rc8 {[%clk 00:03:46]} {[%emt
00:00:55]} 38. Qd3 {[%clk 00:19:37]} {[%emt 00:00:32]} Kf8 {[%clk 00:01:00]}
{[%emt 00:03:17]} 39. Qxf5 {[%clk 00:19:22]} {[%emt 00:00:45]}   1-0

[Event "U-20 Pan-American Chess Championship Absolute 2022"]
[Site "(Pereira - Risaralda) Gran Hotel. Calle 19 # 9-19"]
[Date "2022.08.24"]
[Round "3"]
[Board "2"]
[White "Garcia De Dios, Jose Antonio"]
[Black "Wong Pages, Juan"]
[Result "1/2-1/2"]
[WhiteElo "2135"]
[BlackElo "2008"]
[PlyCount "0"]
[EventDate "2022.08.23"]
[EventRounds "9"]
[EventCountry "COL"]

1. d4 {[%clk 01:29:00]} {[%emt 00:01:59]} Nf6 {[%clk 01:25:42]} {[%emt
00:05:19]} 2. c4 {[%clk 01:26:30]} {[%emt 00:03:00]} g6 {[%clk 01:26:04]}
{[%emt 00:00:08]} 3. g3 {[%clk 01:26:11]} {[%emt 00:00:49]} c6 {[%clk
01:26:06]} {[%emt 00:00:29]} 4. Bg2 {[%clk 01:26:12]} {[%emt 00:00:28]} d5
{[%clk 01:26:29]} {[%emt 00:00:06]} 5. Nf3 {[%clk 01:26:20]} {[%emt 00:00:22]}
dxc4 {[%clk 01:25:41]} {[%emt 00:01:19]} 6. a4 {[%clk 01:18:24]} {[%emt
00:08:26]} c5 {[%clk 01:16:21]} {[%emt 00:09:49]} 7. O-O {[%clk 01:12:15]}
{[%emt 00:06:39]} cxd4 {[%clk 01:02:40]} {[%emt 00:14:12]} 8. Qxd4 {[%clk
01:07:23]} {[%emt 00:05:22]} Qxd4 {[%clk 00:49:41]} {[%emt 00:13:30]} 9. Nxd4
{[%clk 01:07:25]} {[%emt 00:00:27]} Bg7 {[%clk 00:39:33]} {[%emt 00:10:38]} 10.
Nb5 {[%clk 01:04:29]} {[%emt 00:03:25]} Na6 {[%clk 00:39:51]} {[%emt 00:00:13]}
11. N1a3 {[%clk 01:04:31]} {[%emt 00:00:27]} Nd7 {[%clk 00:37:24]} {[%emt
00:02:58]} 12. Nxc4 {[%clk 00:57:51]} {[%emt 00:07:10]} O-O {[%clk 00:37:33]}
{[%emt 00:00:20]} 13. Be3 {[%clk 00:44:11]} {[%emt 00:14:11]} Ndc5 {[%clk
00:30:38]} {[%emt 00:07:25]} 14. Bd4 {[%clk 00:34:44]} {[%emt 00:09:57]} Bxd4
{[%emt 00:09:07]} 15. Nxd4 {[%emt 00:00:12]} Rd8 {[%clk 00:21:47]} {[%emt
00:00:02]} 16. Rfd1 {[%clk 00:28:42]} {[%emt 00:06:31]} Rb8 {[%clk 00:17:38]}
{[%emt 00:04:40]} 17. h3 {[%clk 00:18:45]} {[%emt 00:10:27]} Bd7 {[%clk
00:15:32]} {[%emt 00:02:36]} 18. Nb5 {[%clk 00:18:22]} {[%emt 00:00:53]} Be6
{[%clk 00:14:14]} {[%emt 00:01:48]} 19. Rxd8+ {[%clk 00:14:38]} {[%emt
00:04:14]} Rxd8 {[%clk 00:14:42]} {[%emt 00:00:01]} 20. Na5 {[%clk 00:14:51]}
{[%emt 00:00:17]} Rd2 {[%clk 00:14:34]} {[%emt 00:00:38]} 21. Nxb7 {[%clk
00:13:38]} {[%emt 00:01:43]} Nxb7 {[%clk 00:14:43]} {[%emt 00:00:21]} 22. Bxb7
{[%clk 00:14:06]} {[%emt 00:00:03]} Nc5 {[%clk 00:15:12]} 23. Bf3 {[%clk
00:11:56]} {[%emt 00:02:39]} a5 {[%clk 00:11:28]} {[%emt 00:04:13]} 24. Nc7
{[%clk 00:09:08]} {[%emt 00:03:19]} Bb3 {[%clk 00:10:38]} {[%emt 00:01:20]} 25.
Kf1 {[%clk 00:04:57]} {[%emt 00:04:41]} Rxb2 {[%clk 00:05:09]} {[%emt
00:06:00]} 26. Bc6 {[%clk 00:05:09]} {[%emt 00:00:18]} Rc2 {[%clk 00:03:25]}
{[%emt 00:02:13]} 27. Bb5 {[%clk 00:04:17]} {[%emt 00:01:22]} Ne4 {[%clk
00:03:10]} {[%emt 00:00:45]} 28. Na6 {[%clk 00:01:35]} {[%emt 00:03:13]} Nd6
{[%clk 00:01:29]} {[%emt 00:02:10]} 29. Bd3 {[%clk 00:01:26]} {[%emt 00:00:39]}
Rc6 {[%clk 00:01:57]} {[%emt 00:00:02]} 30. Rb1 {[%clk 00:00:46]} {[%emt
00:01:10]} Bxa4 {[%clk 00:02:03]} {[%emt 00:00:25]} 31. Ra1 {[%clk 00:01:10]}
{[%emt 00:00:05]} Bc2 {[%emt 00:03:27]} 32. Rc1 {[%emt 00:00:05]} Ba4 {[%emt
00:00:07]} 33. Ra1 {[%emt 00:00:01]} Bc2 34. Rc1 Ba4 {[%emt 00:00:05]} 35. Ra1
{[%emt 00:00:01]} Bc2 {[%emt 00:00:01]} 36. Nb8 {[%emt 00:00:08]}   1/2-1/2

[Event "U-20 Pan-American Chess Championship Absolute 2022"]
[Site "(Pereira - Risaralda) Gran Hotel. Calle 19 # 9-19"]
[Date "2022.08.24"]
[Round "3"]
[Board "3"]
[White "Lu, Maximillian"]
[Black "Escalona Landi, Samid Eduardo"]
[Result "1/2-1/2"]
[WhiteElo "2442"]
[BlackElo "2191"]
[PlyCount "0"]
[EventDate "2022.08.23"]
[EventRounds "9"]
[EventCountry "COL"]

1. Nf3 {[%clk 01:30:58]} {[%emt 00:00:01]} g6 {[%clk 01:28:54]} {[%emt
00:02:06]} 2. c4 {[%clk 01:29:48]} {[%emt 00:01:40]} Bg7 {[%clk 01:29:18]}
{[%emt 00:00:06]} 3. Nc3 {[%clk 01:29:55]} {[%emt 00:00:23]} d6 {[%clk
01:29:42]} {[%emt 00:00:07]} 4. d4 {[%clk 01:29:41]} {[%emt 00:00:43]} Nd7
{[%clk 01:29:53]} {[%emt 00:00:15]} 5. g3 {[%clk 01:28:36]} Ngf6 {[%clk
01:29:56]} {[%emt 00:02:06]} 6. Bg2 {[%clk 01:28:57]} O-O {[%clk 01:30:11]}
{[%emt 00:00:23]} 7. O-O {[%emt 00:00:19]} e5 {[%clk 01:28:14]} {[%emt
00:02:12]} 8. h3 {[%clk 01:29:31]} {[%emt 00:00:23]} exd4 {[%clk 01:24:21]}
{[%emt 00:04:22]} 9. Nxd4 {[%clk 01:29:48]} {[%emt 00:00:14]} a6 {[%clk
01:24:48]} {[%emt 00:00:04]} 10. e4 {[%clk 01:26:14]} {[%emt 00:04:03]} Ne5
{[%clk 01:11:18]} {[%emt 00:13:59]} 11. b3 {[%clk 01:25:44]} {[%emt 00:01:01]}
Rb8 {[%clk 01:09:22]} {[%emt 00:02:27]} 12. f4 {[%clk 01:16:35]} {[%emt
00:09:38]} Nc6 {[%clk 01:05:49]} {[%emt 00:04:03]} 13. Nxc6 {[%clk 01:10:20]}
{[%emt 00:06:45]} bxc6 {[%clk 01:06:18]} {[%emt 00:00:01]} 14. Qc2 {[%clk
01:10:16]} {[%emt 00:00:34]} Re8 {[%clk 01:01:45]} {[%emt 00:05:03]} 15. Be3
{[%clk 01:06:51]} {[%emt 00:03:55]} Nxe4 {[%clk 00:53:50]} {[%emt 00:08:26]} 16.
Bxe4 {[%clk 00:58:40]} {[%emt 00:08:41]} Bxc3 {[%clk 00:54:04]} {[%emt
00:00:15]} 17. Qxc3 {[%clk 00:52:19]} {[%emt 00:06:51]} Rxe4 {[%clk 00:54:23]}
{[%emt 00:00:11]} 18. g4 {[%clk 00:41:32]} {[%emt 00:11:16]} c5 {[%clk
00:44:32]} {[%emt 00:10:22]} 19. Bc1 {[%clk 00:35:13]} {[%emt 00:06:49]} d5
{[%clk 00:40:18]} {[%emt 00:04:44]} 20. cxd5 {[%clk 00:32:39]} {[%emt
00:03:04]} Qxd5 {[%clk 00:40:22]} {[%emt 00:00:27]} 21. Bb2 {[%clk 00:31:36]}
{[%emt 00:01:33]} Rd4 {[%clk 00:33:53]} {[%emt 00:06:58]} 22. Qf3 {[%clk
00:31:57]} {[%emt 00:00:09]} Qxf3 {[%clk 00:33:00]} {[%emt 00:01:24]} 23. Rxf3
{[%clk 00:32:25]} {[%emt 00:00:01]} Rd2 {[%clk 00:31:47]} {[%emt 00:01:43]} 24.
Bc3 {[%clk 00:26:35]} {[%emt 00:06:21]} Bb7 {[%clk 00:29:41]} {[%emt 00:02:35]}
25. Bxd2 {[%clk 00:26:35]} {[%emt 00:00:31]} Bxf3 {[%clk 00:30:05]} {[%emt
00:00:06]} 26. Kf2 {[%clk 00:24:45]} {[%emt 00:02:20]} Rd8 {[%clk 00:29:29]}
{[%emt 00:01:05]} 27. Ba5 {[%clk 00:13:53]} {[%emt 00:11:21]} Rd1 {[%clk
00:29:36]} {[%emt 00:00:24]} 28. Rxd1 {[%clk 00:14:21]} {[%emt 00:00:02]} Bxd1
{[%clk 00:30:00]} {[%emt 00:00:07]} 29. Bxc7 {[%clk 00:14:40]} {[%emt
00:00:11]} Bc2 {[%clk 00:30:14]} {[%emt 00:00:15]} 30. Ke3 {[%clk 00:14:56]}
{[%emt 00:00:14]} Bb1 {[%clk 00:29:56]} {[%emt 00:00:48]} 31. a3 {[%clk
00:14:24]} {[%emt 00:01:03]}   1/2-1/2

[Event "U-20 Pan-American Chess Championship Absolute 2022"]
[Site "(Pereira - Risaralda) Gran Hotel. Calle 19 # 9-19"]
[Date "2022.08.24"]
[Round "3"]
[Board "4"]
[White "Castro Silva, Moises Antonio"]
[Black "Rojas Salas, Steven"]
[Result "0-1"]
[WhiteElo "2169"]
[BlackElo "2199"]
[PlyCount "0"]
[EventDate "2022.08.23"]
[EventRounds "9"]
[EventCountry "COL"]

1. e4 {[%clk 01:30:57]} {[%emt 00:00:02]} c5 {[%clk 01:24:41]} {[%emt
00:06:19]} 2. Nf3 {[%clk 01:31:10]} {[%emt 00:00:17]} e6 {[%clk 01:25:00]}
{[%emt 00:00:12]} 3. Nc3 {[%clk 01:31:16]} {[%emt 00:00:23]} a6 {[%clk
01:24:52]} {[%emt 00:00:39]} 4. d4 {[%clk 01:31:33]} {[%emt 00:00:13]} cxd4
{[%clk 01:25:07]} {[%emt 00:00:15]} 5. Nxd4 {[%clk 01:31:56]} {[%emt 00:00:06]}
b5 {[%clk 01:24:48]} {[%emt 00:00:50]} 6. Bd3 {[%clk 01:27:51]} {[%emt
00:04:35]} Bb7 {[%clk 01:23:23]} {[%emt 00:01:55]} 7. O-O {[%clk 01:27:36]}
{[%emt 00:00:45]} Nc6 {[%clk 01:23:45]} {[%emt 00:00:08]} 8. Nxc6 {[%clk
01:22:30]} {[%emt 00:05:36]} Bxc6 {[%clk 01:23:53]} {[%emt 00:00:22]} 9. Be3
{[%clk 01:22:16]} {[%emt 00:00:43]} Nf6 {[%clk 01:16:29]} {[%emt 00:07:55]} 10.
e5 {[%clk 01:21:10]} {[%emt 00:01:35]} Nd5 {[%clk 01:05:41]} {[%emt 00:11:19]}
11. Nxd5 {[%clk 01:21:11]} {[%emt 00:00:29]} Bxd5 {[%clk 01:05:52]} {[%emt
00:00:19]} 12. Qg4 {[%clk 01:08:20]} {[%emt 00:13:20]} h5 {[%clk 01:04:05]}
{[%emt 00:02:17]} 13. Qe2 {[%clk 01:08:08]} {[%emt 00:00:42]} Qc7 {[%clk
01:00:48]} {[%emt 00:03:48]} 14. f4 {[%clk 01:05:38]} {[%emt 00:03:00]} Bc5
{[%clk 00:27:04]} {[%emt 00:34:14]} 15. a4 {[%clk 00:52:54]} {[%emt 00:13:14]}
bxa4 {[%clk 00:19:37]} {[%emt 00:07:56]} 16. Rxa4 {[%clk 00:48:36]} {[%emt
00:04:48]} a5 {[%clk 00:18:23]} {[%emt 00:01:45]} 17. f5 {[%clk 00:43:26]}
{[%emt 00:05:40]} exf5 {[%clk 00:14:22]} {[%emt 00:04:30]} 18. Rxf5 {[%clk
00:38:58]} {[%emt 00:04:59]} Be6 {[%clk 00:14:15]} {[%emt 00:00:37]} 19. Rg5
{[%clk 00:33:20]} {[%emt 00:06:08]} g6 {[%clk 00:14:41]} {[%emt 00:00:04]} 20.
Qf2 {[%clk 00:25:46]} {[%emt 00:08:03]} Bxe3 {[%clk 00:10:22]} {[%emt
00:04:49]} 21. Qxe3 {[%emt 00:00:01]} Rb8 22. b3 {[%clk 00:23:52]} {[%emt
00:02:53]} Rf8 {[%clk 00:08:30]} {[%emt 00:02:51]} 23. Qd2 {[%clk 00:20:09]}
{[%emt 00:04:12]} Qc5+ {[%clk 00:05:35]} {[%emt 00:03:26]} 24. Qf2 {[%clk
00:18:20]} {[%emt 00:02:19]} Rc8 {[%clk 00:04:11]} {[%emt 00:01:54]} 25. Rg3
{[%clk 00:08:57]} {[%emt 00:09:53]} Qxf2+ {[%clk 00:03:24]} {[%emt 00:01:18]}
26. Kxf2 {[%clk 00:09:26]} {[%emt 00:00:01]} Rc5 {[%clk 00:03:53]} 27. Re3
{[%clk 00:09:32]} {[%emt 00:00:24]} Ke7 {[%clk 00:04:18]} {[%emt 00:00:06]} 28.
Re1 {[%clk 00:09:02]} {[%emt 00:01:00]} Rfc8 {[%clk 00:03:04]} {[%emt
00:01:45]} 29. h4 {[%clk 00:06:46]} {[%emt 00:02:45]} Bd5 {[%clk 00:02:44]}
{[%emt 00:00:50]} 30. Rea1 {[%clk 00:02:35]} {[%emt 00:04:41]} Rxc2+ {[%clk
00:02:52]} {[%emt 00:00:22]} 31. Bxc2 {[%clk 00:02:59]} {[%emt 00:00:05]} Rxc2+
{[%clk 00:03:20]} {[%emt 00:00:03]} 32. Ke3 {[%clk 00:01:01]} {[%emt 00:02:27]}
Bxb3 {[%clk 00:03:46]} {[%emt 00:00:04]} 33. Rxa5 {[%emt 00:00:13]} Rxg2 {[%clk
00:04:13]} {[%emt 00:00:03]} 34. Rf1 {[%clk 00:00:55]} {[%emt 00:00:54]} Be6
{[%clk 00:04:16]} {[%emt 00:00:27]} 35. Ra4 {[%emt 00:00:37]} Rh2 {[%clk
00:04:06]} {[%emt 00:00:38]} 36. Raf4 {[%clk 00:00:51]} {[%emt 00:00:28]} Ra2
{[%clk 00:04:08]} {[%emt 00:00:29]} 37. Rd4 {[%clk 00:00:47]} {[%emt 00:00:34]}
Ra3+ {[%clk 00:04:28]} {[%emt 00:00:10]} 38. Rd3 {[%clk 00:00:37]} {[%emt
00:00:40]} Ra5 {[%clk 00:04:51]} {[%emt 00:00:07]} 39. Rd4 {[%clk 00:00:36]}
{[%emt 00:00:31]} Rxe5+ {[%clk 00:05:13]} {[%emt 00:00:07]} 40. Re4 {[%clk
00:00:55]} {[%emt 00:00:12]} Ra5 {[%clk 00:05:36]} {[%emt 00:00:07]} 41. Rd1
{[%clk 00:00:52]} {[%emt 00:00:32]} Kf6 {[%clk 00:05:24]} {[%emt 00:00:43]} 42.
Rf1+ {[%clk 00:01:11]} {[%emt 00:00:11]} Bf5 {[%clk 00:05:33]} {[%emt
00:00:22]} 43. Rd4 {[%clk 00:00:58]} {[%emt 00:00:42]} Ke5 {[%clk 00:05:12]}
{[%emt 00:00:51]} 44. Rb4 {[%clk 00:00:44]} {[%emt 00:00:44]} d5 {[%clk
00:05:03]} {[%emt 00:00:39]} 45. Re1 {[%clk 00:00:35]} {[%emt 00:00:39]} Be4
{[%clk 00:05:14]} {[%emt 00:00:19]} 46. Rc1 {[%clk 00:00:45]} {[%emt 00:00:20]}
Ra2 {[%clk 00:05:16]} {[%emt 00:00:28]} 47. Rd1 {[%clk 00:00:32]} {[%emt
00:00:43]} f5 {[%emt 00:00:54]} 48. Rd2 f4+ {[%clk 00:04:01]} {[%emt 00:01:20]}
49. Ke2 {[%emt 00:00:01]} f3+ {[%clk 00:04:20]} {[%emt 00:00:10]} 50. Ke1
{[%clk 00:01:24]} {[%emt 00:00:37]} Ra1+ {[%clk 00:03:41]} {[%emt 00:01:10]} 51.
Kf2 {[%clk 00:01:41]} {[%emt 00:00:13]} Rh1 {[%clk 00:02:18]} {[%emt 00:01:53]}
52. Kg3 {[%clk 00:02:10]} Rg1+ {[%clk 00:02:42]} {[%emt 00:00:05]} 53. Kh3
{[%clk 00:01:23]} {[%emt 00:01:17]} Rg2 {[%clk 00:02:52]} {[%emt 00:00:21]} 54.
Rxe4+ {[%clk 00:00:35]} {[%emt 00:01:18]} dxe4 {[%clk 00:03:06]} {[%emt
00:00:15]} 55. Rd5+ {[%clk 00:01:01]} {[%emt 00:00:04]} Kf4 {[%clk 00:03:33]}
{[%emt 00:00:03]} 56. Rf5+ {[%clk 00:01:20]} {[%emt 00:00:11]} Ke3 {[%clk
00:03:59]} {[%emt 00:00:05]} 57. Rxf3+ {[%clk 00:01:43]} {[%emt 00:00:07]} Ke2
{[%clk 00:04:21]} {[%emt 00:00:07]} 58. Ra3 {[%clk 00:00:36]} {[%emt 00:01:37]}
Rg4 {[%clk 00:04:28]} {[%emt 00:00:24]} 59. Ra2+ {[%clk 00:00:48]} {[%emt
00:00:18]} Kf3 {[%clk 00:04:49]} {[%emt 00:00:08]} 60. Ra8 {[%clk 00:00:51]}
{[%emt 00:00:27]} e3 {[%clk 00:05:09]} {[%emt 00:00:10]} 61. Ra1 {[%emt
00:00:15]} e2 {[%clk 00:05:07]} {[%emt 00:00:32]} 62. Ra3+ {[%clk 00:00:59]}
{[%emt 00:00:38]} Kf2 {[%clk 00:05:24]} {[%emt 00:00:11]} 63. Ra2 {[%clk
00:01:24]} {[%emt 00:00:06]} Kf1 {[%clk 00:05:35]} {[%emt 00:00:19]}   0-1